000 00497nam a2200097Ia 4500
008 170517s9999 xx 000 0 und d
245 _aChildren of Darkness
300 _aThis is an Oscar nominated 1983 documentary film exploring the issue of mentally ill children and the institutions they lived in. The film not only exposed the abuse in mental institutions but it also educated people that mental illness...
650 _xTechnology.
856 _uhttp://topdocumentaryfilms.com/children-darkness/
999 _c335023
_d335023